Storia della letteratura tedesca / (Record no. 148297)

MARC details
000 -LEADER
campo de control de longitud fija 00578nam a2200169 4500
001 - NÚMERO DE CONTROL
campo de control 148297
003 - IDENTIFICADOR DE NÚMERO DE CONTROL
campo de control ES-MaACL
005 - FECHA Y HORA DE LA ÚLTIMA TRANSACCIÓN
campo de control 20230906202535.0
007 - CAMPO FIJO DE DESCRIPCIÓN FÍSICA--INFORMACIÓN GENERAL
campo de control de longitud fija t|
008 - DATOS DE LONGITUD FIJA--INFORMACIÓN GENERAL
campo de control de longitud fija 070214s1908 it r ||||1| ita d
100 1# - ENTRADA PRINCIPAL--NOMBRE DE PERSONA
Nombre de persona Storck, Karl.
9 (RLIN) 108327
245 10 - MENCIÓN DEL TÍTULO
Título Storia della letteratura tedesca /
Mención de responsabilidad, etc. Carlo Storck ; traduzione del dott. G. Lesca sulla quarta-quinta edizione originale accresciuta e corretta.
260 ## - PUBLICACIÓN, DISTRIBUCIÓN, ETC.
Lugar de publicación, distribución, etc. Torino :
Nombre del editor, distribuidor, etc. Loescher,
Fecha de publicación, distribución, etc. 1908 (
Lugar de fabricación/manufactura Firenze :
Fabricante S. Landi)
300 ## - DESCRIPCIÓN FÍSICA
Extensión XX, 596 p. ;
Dimensiones 24 x 16 cm.
700 1# - ENTRADA AGREGADA--NOMBRE PERSONAL
Nombre de persona Lesca, Giuseppe.
9 (RLIN) 71826
852 ## - LOCALIZACIÓN
Ubicación ES-MaACL
Número de control de estantería F-1807
Holdings
Estatus retirado Estado de pérdida Estado de daño No para préstamo Biblioteca de origen Biblioteca actual Ubicación en estantería Fecha de adquisición Fuente de adquisición Total de préstamos Signatura topográfica completa Código de barras Visto por última vez Precio de reemplazo Tipo de ítem Koha
        Biblioteca del Ateneo de Madrid Biblioteca del Ateneo de Madrid Depósito 2 17/01/2008     F-1807 1154764 23/02/2023 23/02/2023 Libro impreso